Itinerarios de Lima (Registro nro. 25485)

Detalles MARC
000 -Cabecera
Campo de control interno 00459nam a22002057a 4500
005 - Fecha y hora del registro
control field 20260424081730.0
008 - Elementos de Longitud Fija
fixed length control field 260424b |||||||| |||| 00| 0 spa d
041 ## - Idioma
Codigo Idioma ESP
082 ## - DEWEY y NOTACIÓN INTERNA
Dewey 985.2
Notación Interna I87
100 ## - AUTOR
Autor denominación Velarde, Héctor
245 ## - TÍTULO DE MATERIAL BIBLIOGRÁFICO
Título Itinerarios de Lima
260 ## - CIUDAD, EDITORIAL, AÑO
Ciudad :
Nombre de la Editorial ,
Año 1971
300 ## - DESCRIPCIÓN
N° Páginas 101 páginas :
Otros detalles ;
Dimensiones 21 cm.
440 ## - MENCIÓN DE SERIE
Título de la Serie ;
650 ## - TEMAS
Temas Historia
654 ## - PROGRAMAS
Programa Dpto. de Humanidades
700 ## - OTROS AUTORES
Otros autores ;
942 ## - ELEMENTOS DE KOHA
Tipo de documento Libro
Nombre del creador Justo Noguera
Código de catalogador Justo Noguera
Suppress in OPAC No
Esquema de clasificación Dewey Decimal Classification
Existencias
Codigo completo Registro Colección Copia número Disponibilidad Tipo de préstamo Biblioteca Actual Procedencia (Biblioteca) Ubicacón Fecha Ingreso Tipo de Adquisición Date last seen Total checkouts Price effective from Tipo de Item Estado del Material Fuente de Clasificación Damaged status Withdrawn status
985.2 I87 1012728 Universidad Católica San Pablo 1 Disponible Disponible Víctor Andrés Belaunde Víctor Andrés Belaunde Planta baja abierta 24/04/2026 Donación 24/04/2026   24/04/2026 Libro Bueno Dewey Decimal Classification